MARC

LEADER 00000nam0a2200000 4500
001 375864
005 20231102012754.0
020 |a RU  |b 86-70385 
035 |a (RuTPU)RU\TPU\retro\33303 
035 |a RU\TPU\book\304070 
090 |a 375864 
100 |a 20221221d1986 k y0rusy5003 ca 
101 0 |a rus 
102 |a RU 
105 |a a z 001zy 
200 1 |a Многопозиционные радиотехнические системы  |f В. С. Кондратьев, А. Ф. Котов, Л. Н. Марков  |g под ред. В. В. Цветнова 
210 |a Москва  |c Радио и связь  |d 1986 
215 |a 264 с.  |c ил. 
320 |a Библиогр. с. 258-263 
606 1 |a Радиотехнические системы  |2 stltpush  |3 (RuTPU)RU\TPU\subj\23232  |9 47863 
610 1 |a многопозиционные радиосистемы 
610 1 |a синтез 
610 1 |a анализ 
610 1 |a вычислители 
610 1 |a оптимизация 
610 1 |a характеристики 
675 |a 621.37-021.66  |v 3 
700 1 |a Кондратьев  |b В. С.  |g Валерий Сергеевич 
701 1 |a Котов  |b А. Ф.  |g Александр Федорович 
701 1 |a Марков  |b Л. Н.  |g Лев Николаевич 
702 1 |a Цветнов  |b В. В.  |4 340 
801 0 |a RU  |b RuMRKP  |c 19950704  |g psbo 
801 1 |a RU  |b 63413507  |c 20150112 
801 2 |a RU  |b 63413507  |c 20221221  |g RCR 
942 |c BK